000 01272nam a22003377a 4500
003 CHAP
005 20240503095210.0
008 100223s2008 mx a r 00010 spa d
010 _a97595
011 _a98567
020 _a9789707016781
035 _a109252
040 _cCHAP
082 1 4 _a342.72
_bM47 2008
130 1 _aMéxico (Edo.). Leyes, decretos, etc.
_976852
245 1 0 _aConstitución política del Estado Libre y Soberano de México :
_btexto constitucional vigente con su traducción a lenguas indígenas originarias
_c/por LVl Legislatura del Estado de México
260 _aToluca, Méx. :
_bPoder Legislativo,
_c2008
300 _a487 p. :
_bilus. + 3 CD ROM (4 3/4 plg.)
500 _aLos CDs contienen el audio en lenguas indigenas originarias: mazahua,otomí y matlatzinca
590 _aBATCH-UPD
_b10
_c20130110
590 _aBATCH-UPD
_b10
_c20130410
590 _aBATCH-UPD
_b10
_c20130914
590 _aCONVERSION
_b10
_c20130109
650 1 4 _aMéxico (Edo.)
_xConstitución.
_976826
650 1 4 _aMéxico (Edo.)
_xLeyes.
_976834
650 1 4 _aMéxico (Edo.)
_xPolítica y gobierno.
_976837
901 _aBK
911 _aen proceso
942 _cLIBRO
_2ddc
949 _a342.72 M47 2008
_bBC
_cC
_d33724002105009
_eC
_gI.c/e
_h111971
_i109252
_sb
999 _c97595
_d97595